00385 a2200133 4500003000400000005001700004008004100021040000900062082001800071100002200089245005800111260006800169300001400237OSt20221007093426.0221007b ||||| |||| 00| 0 eng d coclc a633.18bYOS/F1 aYoshida, Shouichi aFundamentals of rice crop science /cShouichi Yoshida aPhilippines:bThe International rice research institute,c1981. a269 pages